[Event "DVM U16 2023"]
[Site "Magdeburg GER"]
[Date "2023.12.28"]
[Round "3"]
[White "Malchereck, Zion"]
[Black "Kasapchuk, Oleksandr Jr."]
[Result "1-0"]
[Termination "normal"]
[Board "1.4"]
[WhiteElo "1792"]
[BlackElo "1773"]
[WhiteClock "00:01:28"]
[BlackClock "00:03:30"]
[WhiteTeam "Hamburger SK 1830"]
[BlackTeam "SF Brackel 1930"]
[PlyCount "93"]
[WhiteFideId "16269233"]
[BlackFideId "14197596"]
[EventCountry "GER"]
[EventRounds "7"]
[EventType "team-swiss"]
[EventDate "2023.12.26"]

1. e4 {[%clk 01:30:48]} {[%emt 00:00:11]} d5 {[%clk 01:30:54]} {[%emt
00:00:07]} 2. exd5 {[%clk 01:31:12]} {[%emt 00:00:06]} Qxd5 {[%clk 01:31:19]}
{[%emt 00:00:05]} 3. Nc3 {[%clk 01:31:35]} {[%emt 00:00:06]} Qa5 {[%clk
01:31:46]} {[%emt 00:00:04]} 4. d4 {[%clk 01:31:07]} {[%emt 00:00:58]} Nf6
{[%clk 01:32:05]} {[%emt 00:00:10]} 5. Nf3 {[%clk 01:26:34]} {[%emt 00:05:03]}
c6 {[%clk 01:32:27]} {[%emt 00:00:07]} 6. Bd3 {[%clk 01:24:40]} {[%emt
00:02:23]} Bf5 {[%clk 01:32:38]} {[%emt 00:00:21]} 7. O-O {[%clk 01:19:31]}
{[%emt 00:05:38]} e6 {[%clk 01:31:59]} {[%emt 00:01:10]} 8. Re1 {[%clk
01:17:36]} {[%emt 00:02:24]} Nbd7 {[%clk 01:30:54]} {[%emt 00:01:36]} 9. Bf4
{[%clk 00:55:40]} {[%emt 00:22:25]} Be7 {[%clk 01:20:26]} {[%emt 00:10:59]} 10.
h3 {[%clk 00:52:27]} {[%emt 00:03:43]} O-O {[%clk 01:14:33]} {[%emt 00:06:24]}
11. d5 {[%clk 00:46:25]} {[%emt 00:06:30]} Bb4 {[%clk 00:56:51]} {[%emt
00:18:12]} 12. Bxf5 {[%clk 00:38:09]} {[%emt 00:08:47]} exf5 {[%clk 00:57:16]}
{[%emt 00:00:05]} 13. Bd2 {[%clk 00:26:44]} {[%emt 00:11:54]} Bxc3 {[%clk
00:53:04]} {[%emt 00:04:42]} 14. Bxc3 {[%clk 00:27:04]} {[%emt 00:00:10]} Qxd5
{[%clk 00:53:27]} {[%emt 00:00:07]} 15. Re7 {[%clk 00:27:03]} {[%emt 00:00:31]}
Qc5 {[%clk 00:39:54]} {[%emt 00:14:04]} 16. Rxd7 {[%clk 00:23:33]} {[%emt
00:04:00]} Nxd7 {[%clk 00:40:17]} {[%emt 00:00:07]} 17. Qxd7 {[%clk 00:23:54]}
{[%emt 00:00:09]} b5 {[%clk 00:39:32]} {[%emt 00:01:15]} 18. Qd4 {[%clk
00:18:21]} {[%emt 00:06:02]} Qxd4 {[%clk 00:38:07]} {[%emt 00:01:56]} 19. Nxd4
{[%clk 00:18:45]} {[%emt 00:00:05]} Rfe8 {[%clk 00:34:33]} {[%emt 00:04:04]}
20. Nxc6 {[%clk 00:15:00]} {[%emt 00:04:16]} g6 {[%clk 00:32:47]} {[%emt
00:02:15]} 21. Rd1 {[%clk 00:14:44]} {[%emt 00:00:45]} a6 {[%clk 00:31:47]}
{[%emt 00:01:31]} 22. Rd7 {[%clk 00:14:15]} {[%emt 00:00:59]} Kf8 {[%clk
00:17:19]} {[%emt 00:14:58]} 23. Ne5 {[%clk 00:12:34]} {[%emt 00:02:11]} Rad8
{[%clk 00:16:32]} {[%emt 00:01:17]} 24. Rxf7+ {[%clk 00:12:15]} {[%emt
00:00:49]} Kg8 {[%clk 00:17:00]} {[%emt 00:00:02]} 25. Rb7 {[%clk 00:11:28]}
{[%emt 00:01:16]} Rb8 {[%clk 00:16:40]} {[%emt 00:00:50]} 26. Rxb8 {[%clk
00:11:35]} {[%emt 00:00:24]} Rxb8 {[%clk 00:17:06]} {[%emt 00:00:04]} 27. a3
{[%clk 00:11:38]} {[%emt 00:00:28]} Rd8 {[%clk 00:16:01]} {[%emt 00:01:32]} 28.
Nd3 {[%clk 00:11:17]} {[%emt 00:00:53]} Kf7 {[%clk 00:15:51]} {[%emt 00:00:40]}
29. Kf1 {[%clk 00:11:23]} {[%emt 00:00:24]} Rc8 {[%clk 00:12:36]} {[%emt
00:03:46]} 30. Ke2 {[%clk 00:11:38]} {[%emt 00:00:15]} Ke6 {[%clk 00:12:49]}
{[%emt 00:00:16]} 31. Kd2 {[%clk 00:11:44]} {[%emt 00:00:24]} g5 {[%clk
00:12:52]} {[%emt 00:00:27]} 32. Nb4 {[%clk 00:07:31]} {[%emt 00:04:43]} a5
{[%clk 00:09:21]} {[%emt 00:04:02]} 33. Nd3 {[%clk 00:07:50]} {[%emt 00:00:11]}
a4 {[%clk 00:09:33]} {[%emt 00:00:17]} 34. b3 {[%clk 00:07:46]} {[%emt
00:00:34]} h5 {[%clk 00:08:43]} {[%emt 00:01:21]} 35. bxa4 {[%clk 00:07:42]}
{[%emt 00:00:34]} bxa4 {[%clk 00:09:10]} {[%emt 00:00:02]} 36. Nb4 {[%clk
00:07:01]} {[%emt 00:01:11]} h4 {[%clk 00:07:24]} {[%emt 00:02:16]} 37. Bd4
{[%clk 00:07:10]} {[%emt 00:00:21]} g4 {[%clk 00:04:31]} {[%emt 00:03:23]} 38.
Kd3 {[%clk 00:07:13]} {[%emt 00:00:26]} f4 {[%clk 00:03:46]} {[%emt 00:01:15]}
39. f3 {[%clk 00:06:56]} {[%emt 00:00:48]} gxf3 {[%clk 00:03:40]} {[%emt
00:00:36]} 40. gxf3 {[%clk 00:07:20]} {[%emt 00:00:05]} Kf5 {[%clk 00:03:20]}
{[%emt 00:00:51]} 41. c4 {[%clk 00:04:00]} {[%emt 00:03:50]} Rg8 {[%clk
00:03:21]} {[%emt 00:00:29]} 42. Bf2 {[%clk 00:02:41]} {[%emt 00:01:48]} Rg2
{[%clk 00:02:46]} {[%emt 00:01:06]} 43. Bxh4 {[%clk 00:02:32]} {[%emt
00:00:39]} Rb2 {[%clk 00:02:53]} {[%emt 00:00:23]} 44. Be1 {[%clk 00:01:36]}
{[%emt 00:01:24]} Rb3+ {[%clk 00:02:52]} {[%emt 00:00:33]} 45. Bc3 {[%clk
00:01:47]} {[%emt 00:00:18]} Rxa3 {[%clk 00:03:18]} {[%emt 00:00:06]} 46. Kc2
{[%clk 00:01:16]} {[%emt 00:00:59]} Rb3 {[%clk 00:03:30]} {[%emt 00:00:18]} 47.
h4 {[%clk 00:01:28]} {[%emt 00:00:19]} 1-0

[Event "DVM U16 2023"]
[Site "Magdeburg GER"]
[Date "2023.12.28"]
[Round "3"]
[White "Mohylnyi, Stepan"]
[Black "Semling, Johannes"]
[Result "1-0"]
[Termination "normal"]
[Board "2.1"]
[WhiteElo "2180"]
[BlackElo "2147"]
[WhiteClock "00:09:34"]
[BlackClock "00:00:33"]
[WhiteTeam "SC Noris-Tarrasch Nürnberg 1873"]
[BlackTeam "OSG Baden-Baden"]
[PlyCount "73"]
[WhiteFideId "34127836"]
[BlackFideId "16290151"]
[EventCountry "GER"]
[EventRounds "7"]
[EventType "team-swiss"]
[EventDate "2023.12.26"]

1. e4 {[%clk 01:30:55]} {[%emt 00:00:03]} e6 {[%clk 01:30:52]} {[%emt
00:00:09]} 2. d4 {[%clk 01:31:14]} {[%emt 00:00:11]} d5 {[%clk 01:31:16]}
{[%emt 00:00:06]} 3. Nc3 {[%clk 01:31:35]} {[%emt 00:00:08]} Bb4 {[%clk
01:31:34]} {[%emt 00:00:12]} 4. e5 {[%clk 01:31:59]} {[%emt 00:00:07]} c5
{[%clk 01:31:53]} {[%emt 00:00:10]} 5. a3 {[%clk 01:32:24]} {[%emt 00:00:06]}
Bxc3+ {[%clk 01:32:17]} {[%emt 00:00:05]} 6. bxc3 {[%clk 01:32:50]} {[%emt
00:00:04]} Ne7 {[%clk 01:32:16]} {[%emt 00:00:31]} 7. a4 {[%clk 01:31:58]}
{[%emt 00:01:22]} Qa5 {[%clk 01:30:58]} {[%emt 00:01:49]} 8. Bd2 {[%clk
01:31:49]} {[%emt 00:00:40]} Nbc6 {[%clk 01:28:50]} {[%emt 00:02:36]} 9. Qg4
{[%clk 01:28:28]} {[%emt 00:03:52]} Qc7 {[%clk 01:19:52]} {[%emt 00:09:28]} 10.
Qxg7 {[%clk 01:13:21]} {[%emt 00:15:37]} Rg8 {[%clk 01:19:52]} {[%emt
00:00:30]} 11. Qxh7 {[%clk 01:13:48]} {[%emt 00:00:03]} cxd4 {[%clk 01:19:17]}
{[%emt 00:01:04]} 12. f4 {[%clk 01:14:12]} {[%emt 00:00:07]} dxc3 {[%clk
01:05:33]} {[%emt 00:14:14]} 13. Bxc3 {[%clk 01:13:33]} {[%emt 00:01:09]} d4
{[%clk 00:59:56]} {[%emt 00:06:07]} 14. Bd2 {[%clk 01:13:49]} {[%emt 00:00:14]}
Bd7 {[%clk 01:00:03]} {[%emt 00:00:23]} 15. Nf3 {[%clk 01:10:19]} {[%emt
00:04:00]} O-O-O {[%clk 00:58:24]} {[%emt 00:02:09]} 16. Qe4 {[%clk 01:08:35]}
{[%emt 00:02:15]} Nf5 {[%clk 00:51:35]} {[%emt 00:07:18]} 17. Ng5 {[%clk
00:58:49]} {[%emt 00:10:15]} Na5 {[%clk 00:38:42]} {[%emt 00:13:23]} 18. Bb5
{[%clk 00:39:05]} {[%emt 00:20:14]} Nc4 {[%clk 00:22:51]} {[%emt 00:16:20]} 19.
Bxc4 {[%clk 00:31:28]} {[%emt 00:08:09]} Qxc4 {[%clk 00:23:08]} {[%emt
00:00:12]} 20. Qe2 {[%clk 00:31:38]} {[%emt 00:00:20]} Qxe2+ {[%clk 00:18:04]}
{[%emt 00:05:35]} 21. Kxe2 {[%clk 00:31:49]} {[%emt 00:00:19]} Bc6 {[%clk
00:18:06]} {[%emt 00:00:27]} 22. Rhg1 {[%clk 00:21:40]} {[%emt 00:10:40]} d3+
{[%clk 00:10:16]} {[%emt 00:08:19]} 23. cxd3 {[%clk 00:21:48]} {[%emt
00:00:22]} Nd4+ {[%clk 00:10:41]} {[%emt 00:00:06]} 24. Kf2 {[%clk 00:21:59]}
{[%emt 00:00:19]} Nb3 {[%clk 00:08:45]} {[%emt 00:02:25]} 25. Ra2 {[%clk
00:21:42]} {[%emt 00:00:48]} Rxd3 {[%clk 00:01:18]} {[%emt 00:07:58]} 26. Be3
{[%clk 00:22:06]} {[%emt 00:00:05]} b6 {[%clk 00:00:35]} {[%emt 00:01:13]} 27.
h4 {[%clk 00:20:31]} {[%emt 00:02:05]} Nd4 {[%clk 00:00:50]} {[%emt 00:00:15]}
28. g4 {[%clk 00:17:15]} {[%emt 00:03:46]} Be8 {[%clk 00:00:33]} {[%emt
00:00:47]} 29. h5 {[%clk 00:16:24]} {[%emt 00:01:22]} Nc6 {[%emt 00:00:26]} 30.
Ne4 {[%clk 00:16:14]} {[%emt 00:00:38]} Ne7 {[%clk 00:00:37]} {[%emt 00:00:30]}
31. Ke2 {[%clk 00:14:45]} {[%emt 00:02:00]} Rd8 {[%emt 00:00:36]} 32. a5 {[%clk
00:12:31]} {[%emt 00:02:43]} Nd5 {[%clk 00:00:32]} {[%emt 00:00:29]} 33. axb6
{[%clk 00:12:50]} {[%emt 00:00:12]} axb6 {[%clk 00:00:46]} {[%emt 00:00:15]}
34. Rga1 {[%clk 00:10:00]} {[%emt 00:03:19]} Bc6 {[%clk 00:00:50]} {[%emt
00:00:26]} 35. Rc1 {[%clk 00:09:06]} {[%emt 00:01:25]} Nb4 {[%clk 00:00:32]}
{[%emt 00:00:49]} 36. Rb2 {[%clk 00:09:19]} {[%emt 00:00:17]} Rxg4 {[%clk
00:00:33]} {[%emt 00:00:28]} 37. Rxb4 {[%clk 00:09:34]} {[%emt 00:00:15]} 1-0

[Event "DVM U16 2023"]
[Site "Magdeburg GER"]
[Date "2023.12.28"]
[Round "3"]
[White "Semling, Julius"]
[Black "Deschler, Arne"]
[Result "1/2-1/2"]
[Termination "normal"]
[Board "2.2"]
[WhiteElo "2085"]
[BlackElo "1953"]
[WhiteClock "00:02:22"]
[BlackClock "00:34:56"]
[WhiteTeam "OSG Baden-Baden"]
[BlackTeam "SC Noris-Tarrasch Nürnberg 1873"]
[PlyCount "152"]
[WhiteFideId "16290160"]
[BlackFideId "16274415"]
[EventCountry "GER"]
[EventRounds "7"]
[EventType "team-swiss"]
[EventDate "2023.12.26"]

1. d4 {[%clk 01:30:59]} {[%emt 00:00:01]} d5 {[%clk 01:30:57]} {[%emt
00:00:04]} 2. c4 {[%clk 01:31:20]} {[%emt 00:00:08]} c6 {[%clk 01:31:24]}
{[%emt 00:00:03]} 3. Nc3 {[%clk 01:31:42]} {[%emt 00:00:08]} Nf6 {[%clk
01:31:50]} {[%emt 00:00:03]} 4. e3 {[%clk 01:32:02]} {[%emt 00:00:11]} g6
{[%clk 01:32:03]} {[%emt 00:00:17]} 5. Nf3 {[%clk 01:31:50]} {[%emt 00:00:42]}
Bg7 {[%clk 01:32:26]} {[%emt 00:00:07]} 6. Be2 {[%clk 01:31:39]} {[%emt
00:00:40]} O-O {[%clk 01:32:40]} {[%emt 00:00:16]} 7. O-O {[%clk 01:31:48]}
{[%emt 00:00:22]} Bf5 {[%clk 01:32:18]} {[%emt 00:00:51]} 8. cxd5 {[%clk
01:25:17]} {[%emt 00:07:02]} Nxd5 {[%clk 01:30:21]} {[%emt 00:02:27]} 9. Nxd5
{[%clk 01:21:35]} {[%emt 00:04:13]} Qxd5 {[%clk 01:30:14]} {[%emt 00:00:35]}
10. Bd2 {[%clk 01:20:51]} {[%emt 00:01:13]} Nd7 {[%clk 01:24:34]} {[%emt
00:06:11]} 11. Bb4 {[%clk 01:12:56]} {[%emt 00:08:25]} Rfe8 {[%clk 01:23:48]}
{[%emt 00:01:17]} 12. Nd2 {[%clk 01:10:52]} {[%emt 00:02:33]} Nf6 {[%clk
01:21:39]} {[%emt 00:02:39]} 13. Bc4 {[%clk 01:07:06]} {[%emt 00:04:14]} Qd7
{[%clk 01:21:42]} {[%emt 00:00:29]} 14. Qb3 {[%clk 01:03:00]} {[%emt 00:04:37]}
Be6 {[%clk 01:18:06]} {[%emt 00:04:06]} 15. Bxe6 {[%clk 01:02:01]} {[%emt
00:01:28]} Qxe6 {[%clk 01:17:28]} {[%emt 00:01:08]} 16. Qxe6 {[%clk 01:00:40]}
{[%emt 00:01:51]} fxe6 {[%clk 01:17:57]} {[%emt 00:00:02]} 17. Nc4 {[%clk
00:55:03]} {[%emt 00:06:06]} Nd5 {[%clk 01:17:39]} {[%emt 00:00:49]} 18. Bd2
{[%clk 00:54:21]} {[%emt 00:01:09]} Red8 {[%clk 01:11:30]} {[%emt 00:06:41]}
19. Rac1 {[%clk 00:50:53]} {[%emt 00:03:56]} Rd7 {[%clk 01:05:49]} {[%emt
00:06:13]} 20. Rfd1 {[%clk 00:48:09]} {[%emt 00:03:13]} Nb6 {[%clk 01:04:44]}
{[%emt 00:01:36]} 21. f4 {[%clk 00:30:08]} {[%emt 00:18:31]} Nxc4 {[%clk
01:04:02]} {[%emt 00:01:13]} 22. Rxc4 {[%clk 00:30:27]} {[%emt 00:00:10]} Rad8
{[%clk 00:54:27]} {[%emt 00:10:06]} 23. Re1 {[%clk 00:23:32]} {[%emt 00:07:24]}
e5 {[%clk 00:51:44]} {[%emt 00:03:13]} 24. fxe5 {[%clk 00:23:48]} {[%emt
00:00:15]} Bxe5 {[%clk 00:52:06]} {[%emt 00:00:08]} 25. Ba5 {[%clk 00:21:42]}
{[%emt 00:02:37]} Bc7 {[%clk 00:52:34]} {[%emt 00:00:01]} 26. Bxc7 {[%clk
00:21:28]} {[%emt 00:00:44]} Rxc7 {[%clk 00:53:01]} {[%emt 00:00:02]} 27. Rf1
{[%clk 00:21:22]} {[%emt 00:00:36]} Rcd7 {[%clk 00:50:37]} {[%emt 00:02:54]}
28. Rb4 {[%clk 00:19:57]} {[%emt 00:01:55]} Rf8 {[%clk 00:50:26]} {[%emt
00:00:39]} 29. Rxf8+ {[%clk 00:19:53]} {[%emt 00:00:36]} Kxf8 {[%clk 00:50:55]}
{[%emt 00:00:02]} 30. Kf2 {[%clk 00:20:11]} {[%emt 00:00:11]} Kf7 {[%clk
00:51:04]} {[%emt 00:00:21]} 31. Kf3 {[%clk 00:20:10]} {[%emt 00:00:31]} Kf6
{[%clk 00:48:16]} {[%emt 00:03:19]} 32. Ke4 {[%clk 00:19:06]} {[%emt 00:01:32]}
Ke6 {[%clk 00:47:39]} {[%emt 00:01:07]} 33. g4 {[%clk 00:17:13]} {[%emt
00:02:23]} h6 {[%clk 00:47:32]} {[%emt 00:00:38]} 34. h4 {[%clk 00:15:51]}
{[%emt 00:01:52]} Kf6 {[%clk 00:45:02]} {[%emt 00:03:00]} 35. a4 {[%clk
00:13:25]} {[%emt 00:02:57]} Ke6 {[%clk 00:42:59]} {[%emt 00:02:31]} 36. b3
{[%clk 00:08:43]} {[%emt 00:05:14]} Kf6 {[%clk 00:40:05]} {[%emt 00:03:23]} 37.
Rc4 {[%clk 00:06:09]} {[%emt 00:03:05]} Ke6 {[%clk 00:38:31]} {[%emt 00:02:02]}
38. Rb4 {[%clk 00:04:07]} {[%emt 00:02:31]} Rc7 {[%clk 00:35:50]} {[%emt
00:03:11]} 39. Rc4 {[%clk 00:02:00]} {[%emt 00:02:38]} Rd7 {[%clk 00:35:25]}
{[%emt 00:00:55]} 40. Rc1 {[%clk 00:01:21]} {[%emt 00:01:09]} Rd8 {[%clk
00:33:31]} {[%emt 00:02:25]} 41. Rf1 {[%clk 00:29:59]} {[%emt 00:01:50]} Rg8
{[%clk 01:03:05]} {[%emt 00:00:56]} 42. b4 {[%clk 00:24:48]} {[%emt 00:05:42]}
Rd8 {[%clk 00:58:09]} {[%emt 00:05:27]} 43. Rf2 {[%clk 00:23:59]} {[%emt
00:01:17]} a6 {[%clk 00:57:46]} {[%emt 00:00:56]} 44. Kd3 {[%clk 00:21:30]}
{[%emt 00:02:57]} b5 {[%clk 00:52:46]} {[%emt 00:05:32]} 45. a5 {[%clk
00:16:06]} {[%emt 00:05:53]} Rg8 {[%clk 00:51:18]} {[%emt 00:01:57]} 46. Ke4
{[%clk 00:14:37]} {[%emt 00:01:56]} Rh8 {[%clk 00:42:55]} {[%emt 00:08:57]} 47.
Rc2 {[%clk 00:13:37]} {[%emt 00:01:29]} Kd6 {[%clk 00:42:36]} {[%emt 00:00:50]}
48. Rf2 {[%clk 00:13:57]} {[%emt 00:00:10]} Ke6 {[%clk 00:41:23]} {[%emt
00:01:43]} 49. Kd3 {[%clk 00:13:04]} {[%emt 00:01:22]} Rg8 {[%clk 00:40:20]}
{[%emt 00:01:34]} 50. Rf1 {[%clk 00:08:46]} {[%emt 00:04:48]} Rh8 {[%clk
00:39:52]} {[%emt 00:00:57]} 51. Rc1 {[%clk 00:08:56]} {[%emt 00:00:22]} Kd6
{[%clk 00:40:00]} {[%emt 00:00:22]} 52. Rf1 {[%clk 00:08:55]} {[%emt 00:00:31]}
Ke6 {[%clk 00:40:28]} {[%emt 00:00:01]} 53. e4 {[%clk 00:06:41]} {[%emt
00:02:42]} Rg8 {[%clk 00:38:00]} {[%emt 00:03:01]} 54. Ke3 {[%clk 00:06:46]}
{[%emt 00:00:24]} Rh8 {[%clk 00:36:43]} {[%emt 00:01:47]} 55. Rc1 {[%clk
00:05:22]} {[%emt 00:01:53]} Kd6 {[%clk 00:36:29]} {[%emt 00:00:45]} 56. e5+
{[%clk 00:01:44]} {[%emt 00:04:07]} Kd7 {[%clk 00:34:51]} {[%emt 00:02:09]} 57.
Rf1 {[%clk 00:01:26]} {[%emt 00:00:48]} Ke6 {[%clk 00:33:54]} {[%emt 00:01:27]}
58. Ke4 {[%clk 00:01:02]} {[%emt 00:00:54]} Rg8 {[%clk 00:33:21]} {[%emt
00:00:59]} 59. Rc1 {[%clk 00:01:00]} {[%emt 00:00:36]} Rc8 {[%clk 00:30:02]}
{[%emt 00:03:50]} 60. h5 {[%clk 00:00:34]} {[%emt 00:00:56]} g5 {[%clk
00:29:40]} {[%emt 00:00:51]} 61. Rf1 {[%clk 00:00:35]} {[%emt 00:00:28]} Rh8
{[%clk 00:29:35]} {[%emt 00:00:32]} 62. Rf2 {[%clk 00:00:45]} {[%emt 00:00:25]}
Rg8 {[%clk 00:29:52]} {[%emt 00:00:13]} 63. Rf3 {[%clk 00:01:00]} {[%emt
00:00:15]} Rh8 {[%clk 00:30:17]} {[%emt 00:00:04]} 64. Rf1 {[%clk 00:01:24]}
{[%emt 00:00:06]} Rg8 {[%clk 00:30:43]} {[%emt 00:00:03]} 65. Rf2 {[%clk
00:01:43]} {[%emt 00:00:12]} Rh8 {[%clk 00:31:08]} {[%emt 00:00:05]} 66. Rf3
{[%clk 00:01:56]} {[%emt 00:00:17]} Rg8 {[%clk 00:31:37]} {[%emt 00:00:02]} 67.
Rc3 {[%clk 00:01:41]} {[%emt 00:00:45]} Rc8 {[%clk 00:32:04]} {[%emt 00:00:03]}
68. Rxc6+ {[%clk 00:00:33]} {[%emt 00:01:38]} Rxc6 {[%clk 00:32:33]} {[%emt
00:00:02]} 69. d5+ {[%clk 00:01:01]} {[%emt 00:00:02]} Kd7 {[%clk 00:32:54]}
{[%emt 00:00:08]} 70. dxc6+ {[%clk 00:01:29]} Kxc6 {[%clk 00:33:17]} {[%emt
00:00:07]} 71. Kf5 {[%clk 00:00:33]} {[%emt 00:01:27]} Kd5 {[%clk 00:33:35]}
{[%emt 00:00:12]} 72. Kg6 {[%clk 00:00:40]} {[%emt 00:00:23]} Kxe5 {[%clk
00:33:56]} {[%emt 00:00:09]} 73. Kxh6 {[%clk 00:01:08]} Kf6 {[%clk 00:34:10]}
{[%emt 00:00:17]} 74. Kh7 {[%clk 00:01:27]} {[%emt 00:00:11]} Kf7 {[%clk
00:34:09]} {[%emt 00:00:29]} 75. Kh6 {[%clk 00:01:55]} {[%emt 00:00:04]} Kf6
{[%clk 00:34:32]} {[%emt 00:00:06]} 76. Kh7 {[%clk 00:02:22]} {[%emt 00:00:04]}
Kf7 {[%clk 00:34:56]} {[%emt 00:00:05]} 1/2-1/2